Integrated industry development (Sewerage & fisheries)

Enregistré dans:
Détails bibliographiques
Format: Livre
Langue:Undetermined
Publié: Melbourne Gordon Place 1995
Sujets:
Tags: Ajouter un tag
Pas de tags, Soyez le premier à ajouter un tag!
Thư viện lưu trữ: Trung tâm Học liệu Trường Đại học Cần Thơ
LEADER 00522nam a2200181Ia 4500
001 CTU_149935
008 210402s9999 xx 000 0 und d
082 |a 338.372 
082 |b I.61 
245 0 |a Integrated industry development (Sewerage & fisheries) 
245 0 |c Prepared by Zootech 
260 |a Melbourne 
260 |b Gordon Place 
260 |c 1995 
650 |a Fishery management,Fishery management 
650 |x Economic aspects 
904 |i Năm 
980 |a Trung tâm Học liệu Trường Đại học Cần Thơ